School administrator's complete letter book /

This is a valuable source book on school communication. It is a gold mine of tested, usable letters and others communiques, some of which can be used practically word-by-word from the book, while others can be adapted to your specific needs. It contains letters to be used and letters to be emulated.

Enregistré dans:
Détails bibliographiques
Format: Livre
Langue:English
Publié: Englewood Cliffs, N.J. : Prentice-Hall, 1984.
Sujets:
Tags: Ajouter un tag
Pas de tags, Soyez le premier à ajouter un tag!
Thư viện lưu trữ: Mạng thư viện Đại học Đà Nẵng
LEADER 01270cam a2200361 i 4500
001 000047942
003 7638
005 20030312102129.0
008 010324|1984 vm 000 eng
020 |a 0137923678 
040 |a IRC  |c IRC  |d IRC 
041 0 |a eng 
082 1 4 |a 651.75024379  |b Sc-A 
245 0 0 |a School administrator's complete letter book /  |c compiled and edited by Gerald Tomlinson. 
260 |a Englewood Cliffs, N.J. :  |b Prentice-Hall,  |c 1984. 
300 |a 294 p. ;  |c 28cm. 
520 3 |a This is a valuable source book on school communication. It is a gold mine of tested, usable letters and others communiques, some of which can be used practically word-by-word from the book, while others can be adapted to your specific needs. It contains letters to be used and letters to be emulated. 
630 0 4 |a Correspondence. 
630 0 4 |a Schools. 
630 0 4 |a Records. 
650 0 4 |a School management and organization  |z United States. 
650 0 4 |a Schools  |x Records and correspondence. 
650 0 4 |a Letters. 
OWN |a DUT 
999 |a From the UDN01 
TYP |a Monograph 
TYP |a Printed language 
980 |a Mạng thư viện Đại học Đà Nẵng